000 00301nam a22001337a 4500
008 170502b xxu||||| |||| 00| 0 eng d
020 _a9780135154618
041 _aeng
080 _2 5 ED
_a343.9
100 _a13
101 _aSHJ
245 _aCRIMINOLOGY THEORY
_cWILLIAMS.F.P
942 _2udc
_cBK
999 _c12442
_d12442